Fundamentals of Geometric Dimensioning and Tolerancing / (Record no. 527712)
[ view plain ]
| 000 -LEADER | |
|---|---|
| fixed length control field | 01164cam a22003495i 4500 |
| 001 - CONTROL NUMBER | |
| control field | 18287396 |
| 003 - CONTROL NUMBER IDENTIFIER | |
| control field | NUST |
| 005 - DATE AND TIME OF LATEST TRANSACTION | |
| control field | 20210923163115.0 |
| 008 - FIXED-LENGTH DATA ELEMENTS--GENERAL INFORMATION | |
| fixed length control field | 140902s nyua 001 0 eng |
| 010 ## - LIBRARY OF CONGRESS CONTROL NUMBER | |
| LC control number | 2014395901 |
| 020 ## - INTERNATIONAL STANDARD BOOK NUMBER | |
| International Standard Book Number | 9781111129828 |
| 038 ## - RECORD CONTENT LICENSOR | |
| Staff Name | khadija |
| 040 ## - CATALOGING SOURCE | |
| Original cataloging agency | DLC |
| Language of cataloging | eng |
| Description conventions | rda |
| Transcribing agency | DLC |
| 082 ## - DEWEY DECIMAL CLASSIFICATION NUMBER | |
| Classification number | 604.243 |
| Author Mark | KRU |
| 100 1# - MAIN ENTRY--PERSONAL NAME | |
| Personal name | Krulikowski, Alex. |
| 9 (RLIN) | 19111 |
| 245 10 - TITLE STATEMENT | |
| Title | Fundamentals of Geometric Dimensioning and Tolerancing / |
| Statement of responsibility, etc. | by Alex Krulikowski. |
| 246 3# - VARYING FORM OF TITLE | |
| Title proper/short title | Geometric dimensioning and tolerancing |
| 246 3# - VARYING FORM OF TITLE | |
| Title proper/short title | Geometric dimensioning & tolerancing |
| 250 ## - EDITION STATEMENT | |
| Edition statement | 3rd edition. |
| 260 ## - PUBLICATION, DISTRIBUTION, ETC. | |
| Place of publication, distribution, etc. | Albany, NY : |
| Name of publisher, distributor, etc. | Delmar Publishers, |
| Date of publication, distribution, etc. | [2012] |
| 300 ## - PHYSICAL DESCRIPTION | |
| Extent | 418 pages : |
| Other physical details | illustrations (some color) ; |
| Dimensions | 28 cm. |
| 336 ## - CONTENT TYPE | |
| Content type term | text |
| Content type code | txt |
| Source | rdacontent |
| 337 ## - MEDIA TYPE | |
| Media type term | unmediated |
| Media type code | n |
| Source | rdamedia |
| 338 ## - CARRIER TYPE | |
| Carrier type term | volume |
| Carrier type code | nc |
| Source | rdacarrier |
| 500 ## - GENERAL NOTE | |
| General note | Includes index. |
| 563 ## - BINDING INFORMATION | |
| Binding note | PB |
| 650 #0 - SUBJECT ADDED ENTRY--TOPICAL TERM | |
| Topical term or geographic name entry element | Engineering drawings |
| General subdivision | Dimensioning. |
| 9 (RLIN) | 19112 |
| 650 #0 - SUBJECT ADDED ENTRY--TOPICAL TERM | |
| Topical term or geographic name entry element | Tolerance (Engineering) |
| 9 (RLIN) | 19113 |
| 906 ## - LOCAL DATA ELEMENT F, LDF (RLIN) | |
| a | 0 |
| b | ibc |
| c | origcop |
| d | 2 |
| e | ncip |
| f | 20 |
| g | y-gencatlg |
| 942 ## - ADDED ENTRY ELEMENTS (KOHA) | |
| Source of classification or shelving scheme | |
| Koha item type | Book |
| Withdrawn status | Lost status | Source of classification or shelving scheme | Damaged status | Not for loan | Permanent Location | Current Location | Shelving location | Date acquired | Full call number | Barcode | Date last seen | Price effective from | Koha item type | Public note |
|---|---|---|---|---|---|---|---|---|---|---|---|---|---|---|
| School of Mechanical & Manufacturing Engineering (SMME) | School of Mechanical & Manufacturing Engineering (SMME) | General Stacks | 08/06/2019 | 604.243 KRU | SMME-3487 | 08/06/2019 | 08/06/2019 | Book | Rack,46-Shelf,3 |
